<?xml version="1.0" encoding="UTF-8"?>
<collection xmlns:xsi="http://www.w3.org/2001/XMLSchema-instance" xsi:schemaLocation="http://www.loc.gov/MARC21/slim http://www.loc.gov/standards/marcxml/schema/MARC21slim.xsd" xmlns="http://www.loc.gov/MARC21/slim">
 <record>
  <leader>00000aam a22000001  4500</leader>
  <controlfield tag="001">01673</controlfield>
  <controlfield tag="003">OSt</controlfield>
  <controlfield tag="005">20171018093410.0</controlfield>
  <controlfield tag="008">160501s1861    it            000 0 ita  </controlfield>
  <datafield tag="040" ind1=" " ind2=" ">
   <subfield code="c">francesca cesari</subfield>
  </datafield>
  <datafield tag="041" ind1=" " ind2="1">
   <subfield code="a">ita</subfield>
  </datafield>
  <datafield tag="100" ind1="1" ind2=" ">
   <subfield code="a">Parravicini, Luigi Alessandro</subfield>
   <subfield code="e">Author</subfield>
   <subfield code="9">1271</subfield>
  </datafield>
  <datafield tag="245" ind1="0" ind2="0">
   <subfield code="a">Giannetto : </subfield>
   <subfield code="b">opera che in Firenze ottenne il premio promesso al più bel libro di lettura ad uso de fanciulli che è adottata come premio e come libro di lettura nelle scuole elementari del regno Lombardo-Veneto, nel cantone del Ticino, ec. ... /</subfield>
   <subfield code="c">Luigi Alessandro Parravicini</subfield>
  </datafield>
  <datafield tag="260" ind1=" " ind2=" ">
   <subfield code="a">Milano :</subfield>
   <subfield code="b">Carlo Turati editore,</subfield>
   <subfield code="c">1861</subfield>
  </datafield>
  <datafield tag="300" ind1=" " ind2=" ">
   <subfield code="a">233 p. : ill., 2/4 ; </subfield>
   <subfield code="c">17 cm</subfield>
  </datafield>
  <datafield tag="650" ind1=" " ind2="4">
   <subfield code="a">Racconti</subfield>
   <subfield code="9">816</subfield>
  </datafield>
  <datafield tag="655" ind1=" " ind2=" ">
   <subfield code="a">Libro di lettura</subfield>
   <subfield code="9">56</subfield>
  </datafield>
  <datafield tag="690" ind1=" " ind2="4">
   <subfield code="a">Elementare</subfield>
   <subfield code="9">29</subfield>
  </datafield>
  <datafield tag="901" ind1=" " ind2=" ">
   <subfield code="a">1</subfield>
  </datafield>
  <datafield tag="942" ind1=" " ind2=" ">
   <subfield code="2">ddc</subfield>
   <subfield code="c">BK</subfield>
  </datafield>
  <datafield tag="546" ind1=" " ind2=" ">
   <subfield code="a">ita</subfield>
  </datafield>
  <datafield tag="999" ind1=" " ind2=" ">
   <subfield code="c">1663</subfield>
   <subfield code="d">1663</subfield>
  </datafield>
  <datafield tag="999" ind1=" " ind2=" ">
   <subfield code="c">edisco:1663</subfield>
   <subfield code="d">1663</subfield>
  </datafield>
 </record>
</collection>
